100 ways to defeat depression / (Record no. 3959)

MARC details
000 -LEADER
fixed length control field 00510nam a22001817a 4500
003 - CONTROL NUMBER IDENTIFIER
control field GBCCL
005 - DATE AND TIME OF LATEST TRANSACTION
control field 20241126110507.0
008 - FIXED-LENGTH DATA ELEMENTS--GENERAL INFORMATION
fixed length control field 171219b xxu||||| |||| 00| 0 eng d
020 ## - INTERNATIONAL STANDARD BOOK NUMBER
International Standard Book Number 0801060664
040 ## - CATALOGING SOURCE
Transcribing agency gbc
082 ## - DEWEY DECIMAL CLASSIFICATION NUMBER
Classification number 248.86
Item number MIN
100 ## - MAIN ENTRY--PERSONAL NAME
Personal name Minirth, Frank B.
9 (RLIN) 7720
245 ## - TITLE STATEMENT
Title 100 ways to defeat depression /
Statement of responsibility, etc. Frank B. Minirth, States Skipper & Paul D. Meier
260 ## - PUBLICATION, DISTRIBUTION, ETC.
Name of publisher, distributor, etc. Baker Book House,
Place of publication, distribution, etc. Michigan:
Date of publication, distribution, etc. 1979
300 ## - PHYSICAL DESCRIPTION
Extent 100 p.;
Dimensions 16 cm.
650 ## - SUBJECT ADDED ENTRY--TOPICAL TERM
Topical term or geographic name entry element Depression
9 (RLIN) 9452
942 ## - ADDED ENTRY ELEMENTS (KOHA)
Source of classification or shelving scheme Dewey Decimal Classification
Koha item type Books
Koha issues (borrowed), all copies 10
Holdings
Withdrawn status Lost status Source of classification or shelving scheme Damaged status Not for loan Home library Current Library Shelving location Date acquired Total checkouts Full call number Barcode Date last seen Date last checked out Copy number Price effective from Koha item type
    Dewey Decimal Classification     GRACE BIBLE COLLEGE GRACE BIBLE COLLEGE Ministry & Mission 2017-12-19 11 248.86 MIN 009070 2025-05-01 2025-02-19 c.1 2017-12-19 Books
© Grace Bible College Library 2025